[Event "Maastricht Limburg op-B 4th"]
[Site "Maastricht"]
[Date "2010.05.22"]
[Round "3"]
[White "Holwijn, Melvin"]
[Black "Smit, Melvin"]
[Result "1-0"]
[WhiteElo "2021"]
[BlackElo "1883"]
[PlyCount "51"]
[EventDate "2010.05.21"]
[EventType "swiss"]
[EventRounds "7"]
[EventCountry "NED"]
[SourceTitle "EXT 2011"]
[Source "ChessBase"]
[SourceDate "2010.11.26"]
[SourceVersion "1"]
[SourceVersionDate "2010.11.26"]
[SourceQuality "1"]

1. d4 Nf6 2. c4 e5 3. dxe5 Ng4 4. Nf3 Bc5 5. e3 Nc6 6. Be2 0-0 7. Nc3 Re8 8. 0-0 Ngxe5 9. Nd4 d6 10. f4 Ng6 11. f5 Nge5 12. Nd5 Ne7 13. Nc3 N5c6 14. f6 Ng6 15. fxg7 Kxg7 16. Nd5 Be6 17. Nf6 Rf8 18. b3 Nce5 19. Bb2 c6 20. Qe1 Qe7 21. h4 Qc7 22. Qg3 Kh8 23. h5 Ne7 24. Qg5 Rg8 25. Nxg8 Nxg8 26. h6 1-0

[Event "Maastricht Limburg op-B 4th"]
[Site "Maastricht"]
[Date "2010.05.22"]
[Round "2"]
[White "Smit, Melvin"]
[Black "Uckerman, John"]
[Result "1-0"]
[WhiteElo "1883"]
[BlackElo "1706"]
[PlyCount "77"]
[EventDate "2010.05.21"]
[EventType "swiss"]
[EventRounds "7"]
[EventCountry "NED"]
[SourceTitle "EXT 2011"]
[Source "ChessBase"]
[SourceDate "2010.11.26"]
[SourceVersion "1"]
[SourceVersionDate "2010.11.26"]
[SourceQuality "1"]

1. d4 Nf6 2. c4 e6 3. Nc3 Bb4 4. Qc2 c5 5. e3 Nc6 6. dxc5 Bxc5 7. a3 0-0 8. Nf3 d5 9. Be2 dxc4 10. Bxc4 a6 11. 0-0 Be7 12. Bd3 h6 13. b4 Bd7 14. Bb2 Rc8 15. Qe2 b5 16. Rfd1 Re8 17. Rac1 Bf8 18. Ne4 Nd5 19. Nc5 Bxc5 20. Rxc5 Qe7 21. Bb1 Red8 22. Qd3 Nf6 23. Bxf6 Qxf6 24. Qh7+ Kf8 25. Be4 Ke7 26. Bb1 e5 27. Qc2 Bf5 28. Qc1 Rxd1+ 29. Qxd1 Rd8 30. Qc1 Bxb1 31. Qxb1 Qd6 32. Rc1 f5 33. Qc2 g6 34. h3 Rc8 35. Rd1 Qe6 36. Qc5+ Kf7 37. Rd6 Qe8 38. Rxc6 Rxc6 39. Qxc6 1-0